Evaluación de la efectividad biológica de distintos tratamientos insecticidas contra la mosquita blanca (Bemisia tabaci) en el cultivo del frijol (Phaseolus vulgaris L.) en Texcoco México/ (Record no. 220651)
[ view plain ]
| 000 -CABECERA | |
|---|---|
| campo de control de longitud fija | 03245nam a2200349 a 4500 |
| 003 - IDENTIFICADOR DEL NÚMERO DE CONTROL | |
| campo de control | OSt |
| 005 - FECHA Y HORA DE LA ÚLTIMA TRANSACCIÓN | |
| campo de control | 20250701111413.0 |
| 007 - CAMPO FIJO DE DESCRIPCIÓN FÍSICA--INFORMACIÓN GENERAL | |
| campo de control de longitud fija | cr ||||||a|a|a |
| 008 - DATOS DE LONGITUD FIJA--INFORMACIÓN GENERAL | |
| campo de control de longitud fija | 250619s2025 mx a|||fom||| 001 0 spa d |
| 040 ## - FUENTE DE LA CATALOGACIÓN | |
| Normas de descripción | rda |
| 100 1# - ENTRADA PRINCIPAL--NOMBRE DE PERSONA | |
| Nombre de persona | Bautista Rivera, Nayeli |
| 9 (RLIN) | 190494 |
| 245 10 - MENCIÓN DE TÍTULO | |
| Título | Evaluación de la efectividad biológica de distintos tratamientos insecticidas contra la mosquita blanca (Bemisia tabaci) en el cultivo del frijol (Phaseolus vulgaris L.) en Texcoco México/ |
| Mención de responsabilidad, etc. | por Nayeli Bautista Rivera; director de tesis Jaime Alfredo Urzua Gutierrez; secretario Candelario Santillan Ortega; vocal Calixto Leopoldo Carrillo Fonseca; suplente José Manuel Pineda Rios; suplente Racien Hernández Hernández. |
| 264 #1 - PRODUCCIÓN, PUBLICACIÓN, DISTRIBUCIÓN, FABRICACIÓN Y COPYRIGHT | |
| Producción, publicación, distribución, fabricación y copyright | Chapingo, México : |
| Nombre del de productor, editor, distribuidor, fabricante | El autor, |
| Fecha de producción, publicación, distribución, fabricación o copyright | 2024. |
| 300 ## - DESCRIPCIÓN FÍSICA | |
| Extensión | 1 recurso en línea (61 páginas): |
| Otras características físicas | cuadros, figuras. |
| 336 ## - TIPO DE CONTENIDO | |
| Fuente | rdacontent |
| Término de tipo de contenido | texto |
| Código de tipo de contenido | txt |
| 337 ## - TIPO DE MEDIO | |
| Fuente | rdamedia |
| Nombre/término del tipo de medio | computadora |
| Código del tipo de medio | c |
| 338 ## - TIPO DE SOPORTE | |
| Fuente | rdacarrier |
| Nombre/término del tipo de soporte | recurso en línea |
| Código del tipo de soporte | cr |
| 502 ## - NOTA DE TESIS | |
| Tipo de título | Ingeniero Agrónomo Especialista en Parasitología Agrícola |
| Nombre de la institución que otorga el título | Departamento de Enseñanza, Investigación y Servicio en Parasitología Agrícola, |
| Año de obtención del título | 2024. |
| Información miscelánea | Licenciatura |
| 504 ## - NOTA DE BIBLIOGRAFÍA, ETC. | |
| Nota de bibliografía, etc. | Incluye referencias bibliográficas: páginas 46-52. |
| 520 ## - SUMARIO, ETC. | |
| Sumario, etc. | El fríjol (Phaseolus vulgaris L.) es un alimento vital en la dieta global y su cultivo es significativo en México, donde se cosecharon más de 761,000 hectáreas en 2023. Sin embargo, la producción enfrenta serios problemas debido a la mosca blanca (Bemisia tabaci), una plaga que puede causar pérdidas de hasta el 50% en la producción. Esta plaga no solo daña las plantas al alimentarse de su savia, sino que también actúa como vector de virus, lo que incrementa la presión sobre los productores, quienes deben recurrir a insecticidas costosos, afectando su rentabilidad y sostenibilidad. El experimento realizado tuvo como objetivo evaluar la efectividad de diferentes insecticidas (Tierras Diatomeas, Malatión e Imidacloprid) en el control de la mosca blanca. Se realizó un muestreo previo para identificar las áreas más infestadas y se montó un diseño experimental con varias dosis de cada tratamiento, además de un testigo. Las aplicaciones se hicieron en dos fechas, y se evaluaron los resultados mediante el conteo de adultos. Los hallazgos del experimento pueden proporcionar a los productores alternativas más efectivas y menos costosas para el control de la mosca blanca, contribuyendo así a mejorar su producción y rentabilidad, al tiempo que se promueve el uso de métodos más sostenibles y amigables con el medio ambiente. Este enfoque integral es esencial para enfrentar los retos que plantea esta plaga y asegurar la sostenibilidad del cultivo de fríjol. |
| 650 #4 - PUNTO DE ACCESO ADICIONAL DE MATERIA--TÉRMINO DE MATERIA | |
| Término de materia o nombre geográfico como elemento de entrada | Bemisia Tabaci |
| Subdivisión general | Control |
| 9 (RLIN) | 129811 |
| 650 #4 - PUNTO DE ACCESO ADICIONAL DE MATERIA--TÉRMINO DE MATERIA | |
| Término de materia o nombre geográfico como elemento de entrada | Insecticidas |
| Subdivisión general | Análisis |
| 9 (RLIN) | 58856 |
| 650 #4 - PUNTO DE ACCESO ADICIONAL DE MATERIA--TÉRMINO DE MATERIA | |
| Término de materia o nombre geográfico como elemento de entrada | Frijol |
| Subdivisión general | Plagas |
| 9 (RLIN) | 43415 |
| 650 #4 - PUNTO DE ACCESO ADICIONAL DE MATERIA--TÉRMINO DE MATERIA | |
| Término de materia o nombre geográfico como elemento de entrada | Frijol |
| Subdivisión general | Producción |
| Subdivisión geográfica | México |
| 9 (RLIN) | 128414 |
| 700 1# - PUNTO DE ACCESO ADICIONAL--NOMBRE DE PERSONA | |
| Nombre de persona | Urzúa Gutiérrez, Jaime Alfredo |
| Término indicativo de función/relación | director de tesis. |
| 9 (RLIN) | 117018 |
| 700 0# - PUNTO DE ACCESO ADICIONAL--NOMBRE DE PERSONA | |
| Nombre de persona | Santillán Ortega, Candelario |
| 9 (RLIN) | 102429 |
| Término indicativo de función/relación | secretario. |
| 700 1# - PUNTO DE ACCESO ADICIONAL--NOMBRE DE PERSONA | |
| Nombre de persona | Carrillo Fonseca, Calixto |
| 9 (RLIN) | 164654 |
| Término indicativo de función/relación | vocal. |
| 700 1# - PUNTO DE ACCESO ADICIONAL--NOMBRE DE PERSONA | |
| Nombre de persona | Pineda Rios, José Manuel |
| 9 (RLIN) | 88174 |
| Término indicativo de función/relación | suplente. |
| 700 1# - PUNTO DE ACCESO ADICIONAL--NOMBRE DE PERSONA | |
| Nombre de persona | Hernández Hernández, Raciel |
| Término indicativo de función/relación | suplente. |
| 9 (RLIN) | 54159 |
| 856 ## - LOCALIZACIÓN Y ACCESO ELECTRÓNICOS | |
| Identificador Uniforme del Recurso | http://10.13.5.2/tesis/tl/1710240-7_BAUTISTA_RIVERA_NAYELI.pdf |
| Nota pública | DESCARGAR PDF |
| 942 ## - ELEMENTOS DE PUNTO DE ACCESO ADICIONAL (KOHA) | |
| Fuente del sistema de clasificación o colocación | Clasificación Universidad Autónoma Chapingo |
| Tipo de ítem Koha | Tesis digital |
| Estado de retiro | Estado de pérdida | Fuente del sistema de clasificación o colocación | Estado dañado | Restricciones de uso | No para préstamo | Código de colección | Localización permanente | Ubicación/localización actual | Ubicación en estantería | Fecha de adquisición | Total de préstamos | Signatura topográfica completa | Fecha visto por última vez | Precio válido a partir de | Tipo de ítem Koha |
|---|---|---|---|---|---|---|---|---|---|---|---|---|---|---|---|
| Clasificación Universidad Autónoma de Chapingo | Préstamo interno | Tesis digitales de Licenciatura | Biblioteca Digital | Biblioteca Digital | En línea | 19/06/2025 | Tesis digital | 19/06/2025 | 19/06/2025 | Tesis digital |
